Newness radio and electronics engineers pocker book (Record no. 21505)
[ view plain ]
| 000 -LEADER | |
|---|---|
| fixed length control field | 00333nam a2200145Ia 4500 |
| 082 ## - DEWEY DECIMAL CLASSIFICATION NUMBER | |
| Classification number | 1.644 |
| Item number | BRI |
| 100 ## - MAIN ENTRY--PERSONAL NAME | |
| Personal name | Brindley/Ketin |
| 250 ## - EDITION STATEMENT | |
| Edition statement | 17 |
| 245 ## - TITLE STATEMENT | |
| Title | Newness radio and electronics engineers pocker book |
| 260 ## - PUBLICATION, DISTRIBUTION, ETC. | |
| Name of publisher, distributor, etc. | Heinemann Newnes |
| Place of publication, distribution, etc. | London |
| Date of publication, distribution, etc. | 1987 |
| 300 ## - PHYSICAL DESCRIPTION | |
| Extent | 201 |
| 546 ## - LANGUAGE NOTE | |
| Language note | ENGLISH |
| 654 ## - SUBJECT ADDED ENTRY--FACETED TOPICAL TERMS | |
| Focus term | radio |
| 942 ## - ADDED ENTRY ELEMENTS (KOHA) | |
| Koha item type | Reference Book |
| Withdrawn status | Lost status | Damaged status | Not for loan | Collection | Home library | Current library | Shelving location | Date acquired | Source of acquisition | Cost, normal purchase price | Inventory number | Total Checkouts | Full call number | Barcode | Date last seen | Cost, replacement price | Price effective from | Koha item type |
|---|---|---|---|---|---|---|---|---|---|---|---|---|---|---|---|---|---|---|
| CRC | Fr. Agnel's C.Rodrigues College of Engineering | Fr. Agnel's C.Rodrigues College of Engineering | 17/03/2023 | Progressive Books | 143.70 | 91111 dt 29.10.91 | 1.644 BRI | 3311 | 17/03/2023 | 143.70 | 29/10/1991 | Reference Book |